000 00636nam a2200241 a 4500
001 0001-1973
003 ELIB.Books
008 190122 2010 eng
020 _a0802807437
092 _a261.8 Sme
_bSme
100 _aSemdes, Lewis B.
245 _aSex for Christians
250 _aRevised edition
260 _aMichigan
_bWilliam B. Eerdmans publishing Company
_c1994
300 _c20.5 cm
300 _a244
650 _aSex in Marriage
856 _nKBTS Library
_uKBTS Elib
942 _2ddc
_cBK
990 _a2
998 _aEnglishbooks.elf
_ccat
_e2019-01-22
_mcat
_u2019-01-22
999 _c11973
_d11973